000 00220nam a2200097Ia 4500
008 191206s9999 xx 000 0 und d
090 _aPS3515A515R31
245 2 _aA raising in the sun
260 _aSignet
260 _cc1964
999 _c15374
_d15374